| 000 | 00559nam a2200181 a 4500 | ||
|---|---|---|---|
| 001 | 000022538 | ||
| 005 | 20200930021650.0 | ||
| 008 | 101013s19uu dr ac 000 0 spa d | ||
| 040 |
_aDO-SdBNP _bspa _cBNPHU |
||
| 082 |
_axxx _bA742s |
||
| 100 | 1 |
_aArnaiz, Francisco José _96960 |
|
| 245 | 1 | 0 |
_aSan Ignacio de Loyola por dentro / _cFrancisco José Arnaiz. |
| 260 |
_aSanto Domingo : _bFundación García Arévalo, _c[19--?]. |
||
| 300 |
_a54 p. : _bil. ; retrs. ; _c23 cm. |
||
| 490 | 1 |
_aMonográfica _v25 |
|
| 830 | 0 |
_aMonográfica _n25 _946393 |
|
| 049 | _aBNPD | ||
| 999 |
_c22035 _d22035 |
||